[Event "BCF-ch U16"]
[Site "Hull"]
[Date "2018.08.01"]
[Round "4"]
[White "Balouka Myers, Gabriel"]
[Black "Rushbrooke, Remy"]
[Result "1-0"]
[WhiteElo "1646"]
[BlackElo "1889"]
[PlyCount "49"]
[EventDate "2018.07.29"]
[EventType "swiss"]
[EventRounds "7"]
[EventCountry "ENG"]
[SourceTitle "CBM 186 Extra"]
[Source "ChessBase"]
[SourceDate "2018.08.24"]
[SourceVersion "1"]
[SourceVersionDate "2018.08.24"]
[SourceQuality "1"]

1. Nf3 g6 2. g3 Bg7 3. d4 d6 4. Bg2 f5 5. c4 Nf6 6. 0-0 0-0 7. d5 e5 8. dxe6 Bxe6 9. Ng5 Bxc4 10. Bxb7 Nbd7 11. Bxa8 Qxa8 12. Qc2 Ne5 13. f4 Qc6 14. fxe5 Ng4 15. e3 Nxe5 16. Rf4 Bh6 17. h4 d5 18. b3 Qf6 19. Bb2 Bxg5 20. hxg5 Qxg5 21. bxc4 Nxc4 22. Rxc4 dxc4 23. Qxc4+ Rf7 24. Qf4 Qd8 25. Qd4 1-0

[Event "BCF-ch U16"]
[Site "Llandudno"]
[Date "2017.08.03"]
[Round "5"]
[White "Petkov, Petko"]
[Black "Balouka Myers, Gabriel"]
[Result "0-1"]
[WhiteElo "1569"]
[BlackElo "1686"]
[PlyCount "70"]
[EventDate "2017.07.30"]
[EventType "swiss"]
[EventRounds "7"]
[EventCountry "WLS"]
[SourceTitle "CBM 179 Extra"]
[Source "ChessBase"]
[SourceDate "2017.08.23"]
[SourceVersion "1"]
[SourceVersionDate "2017.08.23"]
[SourceQuality "1"]

1. c4 e6 2. d4 d5 3. g3 c6 4. Qc2 Bd6 5. Bg2 f5 6. Nf3 Nf6 7. b3 0-0 8. 0-0 Nbd7 9. Ba3 Bxa3 10. Nxa3 Ne4 11. Nb1 g5 12. Ne1 Qf6 13. e3 c5 14. f3 Nd6 15. Qc3 cxd4 16. exd4 f4 17. g4 b6 18. Nd3 Ba6 19. Nd2 Rac8 20. Nb4 Bb7 21. Rac1 dxc4 22. bxc4 Nb5 23. Qd3 Nxd4 24. Rfe1 Nc5 25. Qa3 e5 26. Nd5 Bxd5 27. cxd5 Rfd8 28. Qxa7 Nb5 29. Ne4 Nxe4 30. Qa6 Nc7 31. Rxc7 Rxc7 32. Rxe4 Rc1+ 33. Kf2 Rxd5 34. Bf1 Rd2+ 35. Re2 Qd6 0-1

[Event "BCF-ch U16"]
[Site "Llandudno"]
[Date "2017.08.02"]
[Round "4"]
[White "Pollack, Oscar"]
[Black "Balouka Myers, Gabriel"]
[Result "1-0"]
[WhiteElo "1871"]
[BlackElo "1686"]
[PlyCount "95"]
[EventDate "2017.07.30"]
[EventType "swiss"]
[EventRounds "7"]
[EventCountry "WLS"]
[SourceTitle "CBM 179 Extra"]
[Source "ChessBase"]
[SourceDate "2017.08.23"]
[SourceVersion "1"]
[SourceVersionDate "2017.08.23"]
[SourceQuality "1"]

1. d4 d5 2. c4 e6 3. g3 c6 4. Bg2 f5 5. Nf3 Bd6 6. 0-0 Nf6 7. b3 0-0 8. Ba3 Ne4 9. Bxd6 Qxd6 10. e3 Nd7 11. Nbd2 h6 12. c5 Qe7 13. Nxe4 dxe4 14. Nd2 e5 15. Nc4 exd4 16. exd4 Nf6 17. Re1 Be6 18. Ne5 Bf7 19. Qd2 Nd7 20. Nxf7 Qxf7 21. Qf4 g5 22. Qd6 Nf6 23. Bf1 Rad8 24. Bc4 Nd5 25. Qxh6 Qg7 26. Qxg7+ Kxg7 27. Rad1 Kf6 28. Kg2 Nc3 29. Rd2 Rd7 30. f3 Rfd8 31. fxe4 Nxe4 32. Rde2 Rxd4 33. g4 Rd2 34. gxf5 Kxf5 35. Rf1+ Kg6 36. b4 Rxe2+ 37. Bxe2 Rd2 38. Kf3 Nc3 39. Rf2 Rxa2 40. Bd3+ Kh6 41. Rxa2 Nxa2 42. b5 cxb5 43. Be4 Nc3 44. Bxb7 b4 45. Be4 Nxe4 46. Kxe4 b3 47. Kd3 Kg6 48. c6 1-0

[Event "BCF-chT4S 1617 (4NCL)"]
[Site "England"]
[Date "2017.01.14"]
[Round "3.61"]
[White "Balouka Myers, Gabriel"]
[Black "Lunn, Timothy"]
[Result "1/2-1/2"]
[WhiteElo "1825"]
[BlackElo "1937"]
[PlyCount "90"]
[EventDate "2016.11.26"]
[EventType "team-swiss"]
[EventRounds "11"]
[EventCountry "ENG"]
[SourceTitle "EXT 2019"]
[Source "ChessBase"]
[SourceDate "2018.10.10"]
[SourceVersion "1"]
[SourceVersionDate "2018.10.10"]
[SourceQuality "1"]
[WhiteTeam "Barnet Knights II"]
[BlackTeam "Anglian Avengers III"]
[WhiteTeamCountry "ENG"]
[BlackTeamCountry "ENG"]

1. Nf3 Nf6 2. g3 g6 3. d4 Bg7 4. c4 0-0 5. Bg2 d6 6. Nc3 c6 7. 0-0 Qa5 8. e4 e5 9. c5 exd4 10. Nxd4 dxc5 11. Nb3 Qb4 12. Be3 Na6 13. a3 Qc4 14. Rc1 Ng4 15. Nd5 Nxe3 16. Ne7+ Kh8 17. fxe3 Qe6 18. Nxc8 Raxc8 19. Nxc5 Nxc5 20. Rxc5 Bxb2 21. Qb1 Be5 22. Qxb7 Rc7 23. Qb4 Bd6 24. Qc3+ Kg8 25. Rxc6 Rxc6 26. Qxc6 Bxa3 27. Qxe6 fxe6 28. Rxf8+ Kxf8 29. Kf2 Ke7 30. e5 Bb2 31. Ke2 Bxe5 32. Kd3 Kf6 33. Ke4 h5 34. Kf3 a5 35. Bf1 a4 36. h3 a3 37. Bc4 Bc3 38. Ke4 e5 39. g4 Kg5 40. gxh5 gxh5 41. Kd3 Bb4 42. Be6 Kh4 43. Kc2 Bc5 44. e4 a2 45. Kb2 a1Q+ 1/2-1/2

[Event "BCF-ch Week1 PM op"]
[Site "Bournemouth"]
[Date "2016.07.29"]
[Round "5"]
[White "Freeland, Alex"]
[Black "Balouka Myers, Gabriel"]
[Result "1-0"]
[WhiteElo "1946"]
[BlackElo "1607"]
[PlyCount "35"]
[EventDate "2016.07.25"]
[EventType "swiss"]
[EventRounds "5"]
[EventCountry "ENG"]
[SourceTitle "CBM 173 Extra"]
[Source "ChessBase"]
[SourceDate "2016.08.29"]
[SourceVersion "1"]
[SourceVersionDate "2016.08.29"]
[SourceQuality "1"]

1. d4 d5 2. c4 e6 3. Nc3 c6 4. Nf3 dxc4 5. a4 Bb4 6. Ne5 b5 7. e3 Bd7 8. Qg4 g6 9. Be2 Nf6 10. Qf3 Qe7 11. e4 h6 12. 0-0 a6 13. Bf4 Kf8 14. g4 Bxc3 15. bxc3 c5 16. g5 Nxe4 17. Nxg6+ fxg6 18. Bd6+ 1-0

[Event "BCF-ch U14"]
[Site "Bournemouth"]
[Date "2016.07.28"]
[Round "5"]
[White "Remus Elliot, Tai"]
[Black "Balouka Myers, Gabriel"]
[Result "1-0"]
[WhiteElo "1390"]
[BlackElo "1607"]
[PlyCount "81"]
[EventDate "2016.07.24"]
[EventType "swiss"]
[EventRounds "7"]
[EventCountry "ENG"]
[SourceTitle "EXT 2017"]
[Source "ChessBase"]
[SourceDate "2016.10.25"]
[SourceVersion "1"]
[SourceVersionDate "2016.10.25"]
[SourceQuality "1"]

1. d4 d5 2. c4 e6 3. Nc3 c6 4. Nf3 dxc4 5. e3 b5 6. Be2 Bb4 7. 0-0 Nf6 8. Bd2 0-0 9. b3 Bxc3 10. Bxc3 Nd5 11. Bd2 c3 12. Be1 Bb7 13. a3 a5 14. e4 Nf6 15. Bxc3 Nxe4 16. Rc1 Nxc3 17. Rxc3 Nd7 18. Nd2 Nf6 19. Nb1 Qd5 20. Rg3 Rfd8 21. Qc1 Qxd4 22. Rd1 Qe5 23. Rxd8+ Rxd8 24. Re3 Qg5 25. Qb2 c5 26. Rg3 Qd5 27. Qxf6 Qd1+ 28. Bf1 g6 29. h3 b4 30. Kh2 Rd4 31. Bc4 Qxb1 32. Bxe6 fxe6 33. Qxe6+ Kf8 34. Qf6+ Ke8 35. Qe6+ Kd8 36. Qb6+ Kd7 37. Qxb7+ Kd6 38. Re3 bxa3 39. Qe7+ Kc6 40. Re6+ Kb5 41. Qb7# 1-0

[Event "BCF-ch U14"]
[Site "Bournemouth"]
[Date "2016.07.27"]
[Round "4"]
[White "Balouka Myers, Gabriel"]
[Black "Hinterreither, Nikolai"]
[Result "0-1"]
[WhiteElo "1607"]
[BlackElo "1681"]
[PlyCount "70"]
[EventDate "2016.07.24"]
[EventType "swiss"]
[EventRounds "7"]
[EventCountry "ENG"]
[SourceTitle "EXT 2017"]
[Source "ChessBase"]
[SourceDate "2016.10.25"]
[SourceVersion "1"]
[SourceVersionDate "2016.10.25"]
[SourceQuality "1"]

1. Nf3 Nf6 2. g3 e6 3. Bg2 d5 4. 0-0 Be7 5. c4 dxc4 6. Ne5 0-0 7. Nxc4 c5 8. Qb3 Nc6 9. Bxc6 bxc6 10. d3 Ba6 11. Bf4 Nd5 12. Bd2 Rb8 13. Qc2 Nb4 14. Qc1 Bf6 15. Nba3 Qd7 16. Bc3 Bd4 17. Nd2 f5 18. Nac4 Nd5 19. Bxd4 cxd4 20. Nf3 Bxc4 21. Qxc4 Rxb2 22. Nxd4 Rc8 23. e4 c5 24. Nb3 fxe4 25. dxe4 Nb6 26. Qc3 Na4 27. Qc4 Nb6 28. Qc3 Na4 29. Qc4 Nb6 30. Qc1 Re2 31. Rd1 Qf7 32. f4 Qh5 33. h4 Qf3 34. Rd8+ Rxd8 35. Qf1 Qxg3+ 0-1

[Event "BCF-ch Week1 PM op"]
[Site "Bournemouth"]
[Date "2016.07.26"]
[Round "2"]
[White "Baweja, Adiveer"]
[Black "Balouka Myers, Gabriel"]
[Result "0-1"]
[WhiteElo "962"]
[BlackElo "1607"]
[PlyCount "78"]
[EventDate "2016.07.25"]
[EventType "swiss"]
[EventRounds "5"]
[EventCountry "ENG"]
[SourceTitle "CBM 173 Extra"]
[Source "ChessBase"]
[SourceDate "2016.08.29"]
[SourceVersion "1"]
[SourceVersionDate "2016.08.29"]
[SourceQuality "1"]

1. e4 c6 2. d4 d5 3. exd5 cxd5 4. Bd3 Nc6 5. c3 g6 6. Be3 Nh6 7. Nf3 f6 8. Nbd2 Nf7 9. 0-0 Bg7 10. Qc2 0-0 11. Rfe1 e5 12. Rad1 e4 13. Nxe4 dxe4 14. Bxe4 Nd6 15. d5 Ne7 16. c4 Nxe4 17. Qxe4 Bf5 18. Qf4 b6 19. b4 Rc8 20. c5 bxc5 21. Bxc5 Re8 22. Bxe7 Rxe7 23. Rxe7 Qxe7 24. d6 Qd7 25. Qd2 Rd8 26. Qd5+ Be6 27. Qd2 Bf8 28. Qb2 Qe7 29. Rd2 Rxd6 30. g3 Rxd2 31. Nxd2 Bd5 32. h3 Qe1+ 33. Nf1 Bc4 34. Kg2 Qxf1+ 35. Kf3 Qd3+ 36. Kg2 Bd5+ 37. f3 Qxf3+ 38. Kg1 Bxb4 39. Qc2 Bc5+ 0-1

[Event "BCF-chT4 1516 (4NCL)"]
[Site "England"]
[Date "2016.03.19"]
[Round "8.99"]
[White "Atalla, George"]
[Black "Balouka Myers, Gabriel"]
[Result "0-1"]
[WhiteElo "1615"]
[BlackElo "1855"]
[PlyCount "92"]
[EventDate "2015.11.14"]
[EventType "team-swiss"]
[EventRounds "11"]
[EventCountry "ENG"]
[SourceTitle "EXT 2017"]
[Source "ChessBase"]
[SourceDate "2016.10.25"]
[SourceVersion "1"]
[SourceVersionDate "2016.10.25"]
[SourceQuality "1"]
[WhiteTeam "Barnet Knights III"]
[BlackTeam "Barnet Knights II"]
[WhiteTeamCountry "ENG"]
[BlackTeamCountry "ENG"]

1. d4 d5 2. Nf3 Nf6 3. g3 Bf5 4. Bg2 e6 5. 0-0 Be7 6. b3 h6 7. Bb2 0-0 8. c4 c5 9. Nc3 Nc6 10. e3 Nb4 11. Ne1 cxd4 12. exd4 Rc8 13. a3 Nc6 14. Nf3 dxc4 15. bxc4 Bg4 16. Ne2 Na5 17. c5 Nd5 18. Ne5 Bf5 19. Nc3 Bf6 20. Re1 Bxe5 21. Rxe5 Nc4 22. Re2 Nxb2 23. Rxb2 Nxc3 24. Qf3 Qxd4 25. Rc1 Rxc5 26. Re1 Bg4 27. Qxb7 Nd1 28. Ra2 Qc4 29. Ra1 Qc2 30. Rf1 Be2 31. Re1 Qd2 32. Qb4 Rc3 33. Qxc3 Qxc3 34. Raxd1 Bxd1 35. Rxd1 Qxa3 36. Rd7 Rc8 37. Rd1 Rc1 38. Rxc1 Qxc1+ 39. Bf1 a5 40. Kg2 a4 41. Bd3 a3 42. Kh3 a2 43. Be4 a1Q 44. Bg2 Qg5 45. Bf3 Qf1+ 46. Bg2 Qh5# 0-1

[Event "BCF-chT4 1516 (4NCL)"]
[Site "England"]
[Date "2016.02.14"]
[Round "6.180"]
[White "Kenning, Paul H"]
[Black "Balouka Myers, Gabriel"]
[Result "1-0"]
[WhiteElo "1866"]
[BlackElo "1855"]
[PlyCount "37"]
[EventDate "2015.11.14"]
[EventType "team-swiss"]
[EventRounds "11"]
[EventCountry "ENG"]
[SourceTitle "EXT 2017"]
[Source "ChessBase"]
[SourceDate "2016.10.25"]
[SourceVersion "1"]
[SourceVersionDate "2016.10.25"]
[SourceQuality "1"]
[WhiteTeam "Iceni"]
[BlackTeam "Barnet Knights"]
[WhiteTeamCountry "ENG"]
[BlackTeamCountry "ENG"]

1. e4 c6 2. d4 d5 3. exd5 cxd5 4. c4 Nf6 5. Nc3 Nc6 6. Bg5 dxc4 7. d5 Ne5 8. Qd4 Nd3+ 9. Bxd3 cxd3 10. Nf3 Bf5 11. 0-0 h6 12. Bf4 a6 13. Rfe1 g6 14. Qxf6 Rg8 15. d6 Be6 16. Rxe6 fxe6 17. Qxe6 Rh8 18. Nd5 Bg7 19. dxe7 1-0

[Event "London Weekend U1800 7th"]
[Site "London"]
[Date "2015.12.06"]
[Round "4.1"]
[White "Balouka Myers, Gabriel"]
[Black "Lazoni, Victor Hugo Boy"]
[Result "0-1"]
[WhiteElo "1715"]
[BlackElo "1791"]
[PlyCount "64"]
[EventDate "2015.12.04"]
[EventType "swiss"]
[EventRounds "5"]
[EventCountry "ENG"]
[SourceTitle "EXT 2023"]
[Source "ChessBase"]
[SourceDate "2022.10.05"]
[SourceVersion "1"]
[SourceVersionDate "2022.10.05"]
[SourceQuality "1"]

1. Nf3 d5 2. g3 Nf6 3. Bg2 c6 4. c4 e6 5. 0-0 Bd6 6. d3 0-0 7. cxd5 cxd5 8. Nc3 a6 9. e4 Nc6 10. Bg5 d4 11. Ne2 e5 12. Ne1 h6 13. Bd2 Bg4 14. f3 Be6 15. f4 exf4 16. gxf4 Bc7 17. f5 Bc8 18. Nf4 Ne5 19. h3 Bd7 20. Nf3 Bc6 21. Kh1 Qd6 22. Rg1 Rae8 23. Bf1 Nxf3 24. Qxf3 Nxe4 25. Rxg7+ Kxg7 26. Qg4+ Kh8 27. dxe4 Rxe4 28. Bg2 Rg8 29. Qh4 Rxf4 30. Bxf4 Bxg2+ 31. Kg1 Be4+ 32. Kf1 Qxf4+ 0-1

[Event "BCF-chT4 1516 (4NCL)"]
[Site "England"]
[Date "2015.11.15"]
[Round "2.99"]
[White "Balouka Myers, Gabriel"]
[Black "Taylor, William J"]
[Result "0-1"]
[WhiteElo "1855"]
[BlackElo "1973"]
[PlyCount "60"]
[EventDate "2015.11.14"]
[EventType "team-swiss"]
[EventRounds "11"]
[EventCountry "ENG"]
[SourceTitle "EXT 2017"]
[Source "ChessBase"]
[SourceDate "2016.10.25"]
[SourceVersion "1"]
[SourceVersionDate "2016.10.25"]
[SourceQuality "1"]
[WhiteTeam "Barnet Knights II"]
[BlackTeam "West is Best II"]
[WhiteTeamCountry "ENG"]
[BlackTeamCountry "ENG"]

1. Nf3 Nf6 2. g3 g6 3. d4 Bg7 4. c4 0-0 5. Bg2 d6 6. Nc3 Nc6 7. e3 Re8 8. h3 a6 9. d5 Na5 10. Qe2 c5 11. 0-0 b5 12. cxb5 axb5 13. Rd1 Nb3 14. Rb1 Nxc1 15. Rbxc1 b4 16. Nb1 Rxa2 17. e4 Nd7 18. Rc2 Ba6 19. Qe3 Rxb2 20. Rxb2 Bxb2 21. Qb3 Bg7 22. Nfd2 Qa5 23. Nc4 Bxc4 24. Qxc4 Nb6 25. Qc2 c4 26. Nd2 b3 27. Qc1 Qb4 28. Bf1 c3 29. Nf3 c2 30. Re1 Rc8 0-1

[Event "BCF-ch U14"]
[Site "Coventry"]
[Date "2015.08.02"]
[Round "2"]
[White "Balouka Myers, Gabriel"]
[Black "Kalavannan, Koby"]
[Result "1/2-1/2"]
[WhiteElo "1656"]
[BlackElo "2178"]
[PlyCount "76"]
[EventDate "2015.08.02"]
[EventType "swiss"]
[EventRounds "7"]
[EventCountry "ENG"]
[SourceTitle "CBM 167 Extra"]
[Source "ChessBase"]
[SourceDate "2015.09.14"]
[SourceVersion "1"]
[SourceVersionDate "2015.09.14"]
[SourceQuality "1"]

1. Nf3 Nf6 2. g3 g6 3. d4 Bg7 4. c4 d6 5. Bg2 0-0 6. Nc3 Nc6 7. 0-0 e5 8. d5 Nb8 9. e4 a5 10. Bd2 Na6 11. Qe2 Nc5 12. Ne1 Nfd7 13. Nd3 Nxd3 14. Qxd3 Nc5 15. Qc2 f5 16. f4 fxe4 17. fxe5 Bxe5 18. Bxe4 Bh3 19. Bg2 Bf5 20. Qd1 Nd3 21. Bh6 Rf7 22. Rxf5 Nxb2 23. Qc1 Rxf5 24. Qxb2 b6 25. Qd2 Rh5 26. Bf3 Bxc3 27. Qxc3 Rxh6 28. Bg4 g5 29. Be6+ Rxe6 30. dxe6 Qe7 31. Qe3 Rf8 32. Re1 h6 33. Qe4 Rf6 34. Qa8+ Kg7 35. Qe4 Rf8 36. Kg2 Rf6 37. a4 Rf8 38. Kg1 Rf6 1/2-1/2

[Event "BCF-ch Week1 PM op"]
[Site "Coventry"]
[Date "2015.07.31"]
[Round "5"]
[White "Coward, Neil"]
[Black "Balouka Myers, Gabriel"]
[Result "1-0"]
[WhiteElo "1831"]
[BlackElo "1656"]
[PlyCount "107"]
[EventDate "2015.07.27"]
[EventType "swiss"]
[EventRounds "5"]
[EventCountry "ENG"]
[SourceTitle "EXT 2016"]
[Source "ChessBase"]
[SourceDate "2015.10.08"]
[SourceVersion "1"]
[SourceVersionDate "2015.10.08"]
[SourceQuality "1"]

1. e4 c6 2. d4 d5 3. e5 Bf5 4. c3 e6 5. Nf3 c5 6. Bd3 Bxd3 7. Qxd3 Nc6 8. 0-0 Nge7 9. dxc5 Ng6 10. Qb5 Qc7 11. b4 a6 12. Qe2 Ncxe5 13. Nxe5 Qxe5 14. Qd1 Be7 15. Qa4+ Kf8 16. Qc2 a5 17. Bb2 Bf6 18. a3 axb4 19. axb4 Rxa1 20. Bxa1 Nh4 21. Qd1 Bg5 22. f4 Qe4 23. Qd2 Bxf4 24. Rxf4 Qxb1+ 25. Rf1 Qg6 26. c4 Qe4 27. Qg5 Qxg2+ 28. Qxg2 Nxg2 29. Kxg2 dxc4 30. Be5 f6 31. Bd6+ Kf7 32. Ra1 c3 33. Ra3 c2 34. Rc3 e5 35. Rxc2 Ra8 36. Rf2 Ke6 37. Rd2 Ra4 38. b5 Rc4 39. c6 bxc6 40. b6 Rd4 41. Rxd4 exd4 42. b7 Kxd6 43. b8Q+ Kd5 44. Qg8+ Ke4 45. Qxh7+ Ke3 46. Qxg7 Ke2 47. Qe7+ Kd2 48. Qxf6 c5 49. Qe5 d3 50. Qxc5 Ke2 51. h4 d2 52. Qc2 Ke1 53. h5 d1Q 54. Qf2# 1-0

[Event "BCF-ch Week1 PM op"]
[Site "Coventry"]
[Date "2015.07.28"]
[Round "2"]
[White "Balouka Myers, Gabriel"]
[Black "Ai, Farshad"]
[Result "0-1"]
[WhiteElo "1656"]
[BlackElo "1922"]
[PlyCount "52"]
[EventDate "2015.07.27"]
[EventType "swiss"]
[EventRounds "5"]
[EventCountry "ENG"]
[SourceTitle "EXT 2016"]
[Source "ChessBase"]
[SourceDate "2015.10.08"]
[SourceVersion "1"]
[SourceVersionDate "2015.10.08"]
[SourceQuality "1"]

1. Nf3 Nf6 2. g3 d5 3. Bg2 Bf5 4. c4 c6 5. d4 e6 6. Qb3 Qb6 7. Qxb6 axb6 8. cxd5 exd5 9. Nc3 Bb4 10. Bd2 Nbd7 11. 0-0 0-0 12. a3 Bd6 13. Rac1 b5 14. e3 b4 15. axb4 Bxb4 16. Ne2 Bxd2 17. Nxd2 Ra2 18. Nf4 Rxb2 19. Nf3 Ra8 20. Ra1 Raa2 21. Ne5 Nxe5 22. dxe5 Nd7 23. Rfc1 Nxe5 24. Rd1 Rxa1 25. Rxa1 Rb1+ 26. Rxb1 Bxb1 0-1

[Event "London Golders Green op U1900 5th"]
[Site "London"]
[Date "2015.01.18"]
[Round "5"]
[White "Balouka Myers, Gabriel"]
[Black "Philpott, William J"]
[Result "1/2-1/2"]
[WhiteElo "1565"]
[BlackElo "1640"]
[PlyCount "82"]
[EventDate "2015.01.17"]
[EventType "swiss"]
[EventRounds "5"]
[EventCountry "ENG"]
[SourceTitle "EXT 2018"]
[Source "ChessBase"]
[SourceDate "2017.10.13"]
[SourceVersion "1"]
[SourceVersionDate "2017.10.13"]
[SourceQuality "1"]

1. d4 g6 2. c4 Bg7 3. Nc3 f5 4. h4 Nf6 5. g3 Nc6 6. Bg2 0-0 7. Nh3 Rb8 8. Nf4 d6 9. d5 Ne5 10. h5 Qe8 11. Nb5 Bd7 12. Nxc7 Qc8 13. Nce6 Rf7 14. Ng5 Rf8 15. Nfe6 Bxe6 16. Nxe6 Rf7 17. hxg6 Nxg6 18. Qd3 Ng4 19. Ng5 N6e5 20. Qc2 Qc5 21. e3 Rbf8 22. Nxf7 Rxf7 23. Bh3 Nxc4 24. Rb1 Qxd5 25. 0-0 Nce5 26. Bg2 Nf3+ 27. Bxf3 Qxf3 28. Qd1 Qe4 29. Bd2 Qe6 30. Qf3 b6 31. Bc3 Qh6 32. Qg2 e5 33. Rbd1 Rd7 34. Qa8+ Kf7 35. Qh1 Qg6 36. Qc6 Ke7 37. Bb4 Qh6 38. Bxd6+ Rxd6 39. Qc7+ Ke8 40. Qc8+ Ke7 41. Qc7+ Ke8 1/2-1/2